Isolation and characterization of NaCl-sensitive mutants of caulobacter crescentus /

Na minha lista:
Detalhes bibliográficos
Autor principal: Zuleta, Luiz Fernando G.
Outros Autores: Italiani, Valeria C. S., Marques, Marilis V.
Formato: Artigo
Idioma:English
Assuntos:
Tags: Adicionar Tag
Sem tags, seja o primeiro a adicionar uma tag!
Thư viện lưu trữ: Thư viện Trường Đại học Đà Lạt
LEADER 00971nam a2200301 4500
001 DLU090092407
005 ##20091201
040 # # |a DLU  |b eng 
041 # # |a eng 
044 # # |a us 
100 # # |a Zuleta, Luiz Fernando G. 
245 # # |a Isolation and characterization of NaCl-sensitive mutants of caulobacter crescentus /  |c Luiz Fernando G. Zuleta, Valeria C. S. Italiani, Marilis V. Marques. 
653 # # |a Caulobacter crescentus  
653 # # |a Characterization  
653 # # |a Isolation  
653 # # |a Mutants  
700 # # |a Italiani, Valeria C. S. 
700 # # |a Marques, Marilis V. 
773 # # |t Applied and Environmental Microbiology  |g Vol. 69, no. 6 (June 2003), p. 3029-3035 
920 # # |a Phòng Tạp chí -- Trung tâm Thông tin - Thư viện Trường Đại học Đà Lạt 
994 # # |a DLU 
900 # # |a True 
911 # # |a Trương Bảo Trâm Anh 
925 # # |a G 
926 # # |a A 
927 # # |a BB 
980 # # |a Thư viện Trường Đại học Đà Lạt